000 00349nam a22001457a 4500
005 20200601111459.0
008 200601b xxu||||| |||| 00| 0 eng d
041 _aeng
082 _a340
100 _aBARE ACT
_95744
245 _aTHE PETROLEUM ACT, 1934 (30-1934)
260 _aDELHI
_bPROFESSIONAL BOOK PUBLISHERS
300 _a195;p
942 _cBK
999 _c6769
_d6767